10个随机的河北县级行政区-地图点选 Random Counties in Hebei- Map Click - Statistics

General Stats
  • This quiz has been taken 150 times
  • The average score is 8 of 10
Answers on the Map
Answers color-coded by a green-red scale on the quiz's map according to % correct below.
 
Answer Stats
Answer % Correct
馆陶县
100%
沽源县
100%
运河区
100%
临城县
100%
广平县
100%
丰润区
100%
迁西县
100%
枣强县
100%
曹妃甸区
100%
吴桥县
100%
青龙满族自治县
100%
海港区
100%
鸡泽县
100%
望都县
100%
怀来县
100%
平乡县
100%
遵化市
100%
井陉县
100%
平山县
100%
魏县
100%
蔚县
100%
赵县
100%
平泉市
100%
新华区(石家庄)
100%
定州市
100%
双滦区
100%
柏乡县
100%
固安县
100%
景县
100%
广宗县
100%
藁城区
100%
涞源县
100%
桥西区(张家口)
100%
满城区
100%
黄骅市
100%
河间市
100%
卢龙县
100%
元氏县
100%
清河县
100%
桥西区(石家庄)
100%
长安区
100%
北戴河区
100%
曲周县
100%
滦州市
100%
涉县
100%
怀安县
100%
康保县
100%
永清县
100%
冀州区
100%
宁晋县
100%
莲池区
100%
雄县
100%
行唐县
100%
阜平县
100%
栾城区
100%
成安县
100%
大名县
100%
承德县
100%
泊头市
100%
深州市
100%
峰峰矿区
100%
临漳县
100%
路北区
100%
信都区
100%
赞皇县
100%
鹰手营子矿区
100%
三河市
100%
大厂回族自治县
100%
裕华区
100%
高碑店市
100%
山海关区
100%
灵寿县
100%
武安市
100%
无极县
100%
高阳县
100%
肥乡区
100%
青县
100%
磁县
100%
赤城县
100%
临西县
100%
正定县
100%
抚宁区
100%
文安县
100%
清苑区
100%
安国市
100%
万全区
100%
徐水区
100%
安次区
100%
新华区(沧州)
83%
献县
83%
尚义县
80%
涞水县
75%
迁安市
75%
肃宁县
75%
海兴县
75%
博野县
67%
昌黎县
67%
隆尧县
67%
辛集市
67%
高邑县
67%
容城县
67%
香河县
67%
围场满族蒙古族自治县
67%
大城县
67%
沧县
67%
丰宁满族自治县
67%
易县
67%
路南区
60%
襄都区
60%
隆化县
60%
南和区
50%
曲阳县
50%
滦平县
50%
饶阳县
50%
霸州市
50%
深泽县
50%
崇礼区
50%
晋州市
50%
涿鹿县
50%
双桥区
50%
定兴县
50%
顺平县
33%
阜城县
33%
广阳区
33%
巨鹿县
33%
阳原县
0%
古冶区
0%
下花园区
0%
宽城满族自治县
0%
盐山县
0%
鹿泉区
0%
任丘市
0%
威县
0%
宣化区
0%
新乐市
0%
蠡县
0%
张北县
0%
内丘县
0%
竞秀区
0%
安新县
0%
新河县
0%
桥东区
0%
兴隆县
0%
武邑县
0%
乐亭县
0%
南宫市
0%
唐县
0%
桃城区
0%
丛台区
0%
复兴区
0%
邯山区
0%
永年区
0%
丰南区
0%
武强县
0%
孟村回族自治县
0%
故城县
0%
南皮县
0%
滦南县
0%
任泽区
0%
邱县
0%
涿州市
0%
东光县
0%
沙河市
0%
安平县
0%
井陉矿区
0%
开平区
0%
玉田县
0%
No matching quizzes found
Score Distribution
Percent of People with Each Score
Percentile by Number Answered
Your Score History
You have not taken this quiz